000 00346nam a2200145Ia 4500
008 191201s2019 xx 000 0 und d
082 _a667.639
_bSOP
100 _aSOUTHAN, Mandy
245 0 _aPainting Flowers and Silk
250 _a1st
260 _aN.Delhi
_bA Practical Craft Book
300 _a80
650 _aB.Tech(TE)
942 _2ddc
_cBK
999 _c2600
_d2600